000 00928cam a22002653a 4500
001 35208
003 PGUSA
005 20140828083747.0
008 110207s2011||||xxu|||||s|||||000 | eng d
040 _aPGUSA
_beng
042 _adc
050 4 _aF1001
100 1 _aRalph, Julian,
_d1853-1903
245 1 0 _aOn Canada's Frontier :
_bSketches of History, Sport, and Adventure and of the Indians, Missionaries, Fur-traders, and Newer Settlers of Western Canada
_h[electronic resource] /
_cJulian Ralph
260 _bProject Gutenberg,
_c2011
506 _aPublic domain in the USA.
516 _aElectronic text
653 _aHudson's Bay Company -- History
653 _aIndians of North America -- Canada
653 _aNorthwest, Canadian -- Description and travel
700 1 _aRemington, Frederic,
_d1861-1909
830 0 _aProject Gutenberg
_v35208
856 4 0 _uhttp://www.gutenberg.org/ebooks/35208
942 _cEB
999 _c264463
_d264463